000 00389 a2200133 4500
005 20250618090143.0
020 _a0-205-06965-7
082 _aLM 512.72 BUR
100 _aBURTON, D. M.
245 _aElementary number theory: Revised printing
260 _aLondon,
_bAllyn and Bacon,
_c1980.
300 _avii, 390p.: ill.; figures, tables.
_bIndex & reference,
_c23cm.
942 _2ddc
_cBKS
999 _c4270
_d4270